Nutrición y Dietoterapia /

Salvato in:
Dettagli Bibliografici
Autore principale: Williams, S. Rodwell
Altri autori: Espinoza de los Monteros, Orlando trad
Natura: testo
Pubblicazione: México D.F.: Mosby Company
Tags: Aggiungi Tag
Nessun Tag, puoi essere il primo ad aggiungerne!!

MARC

LEADER 00000 a a2200000 04500
001 22770
003
040 |a CRAI/IIS  |c CRAI/IIS 
090 |a 155800  
100 |a Williams, S. Rodwell  
245 |a Nutrición y Dietoterapia /  |c S. Rodwell Williams 
260 |a México D.F.:   |b Mosby Company  
300 |a 757 p.  
700 |a Espinoza de los Monteros, Orlando   |a trad.  
999 |c 17006  |d 17006